Любимчик Эпохи: [18+]; [НЕЗАКОННОЕ ПОТРЕБЛЕНИЕ НАРКОТИЧЕСКИХ СРЕДСТВ, ПСИХОТРОПНЫХ ВЕЩЕСТВ, ИХ АНАЛОГОВ ПРИЧИНЯЕТ ВРЕД ЗДОРОВЬЮ, ИХ НЕЗАКОННЫЙ ОБОРОТ ЗАПРЕЩЁН И ВЛЕЧЕТ УСТАНОВЛЕННУЮ ЗАКОНОДАТЕЛЬСТВОМ ОТВЕТСТВЕННОСТЬ]; роман

Dettagli Bibliografici
Autore principale: Качур К. Катя
Riassunto:Родиона любили за ум, красоту и способности. Его брата Илюшу — просто так. От Родиона ждали поступков и ответственности. Илью хотели спасти, накормить, приласкать — пусть даже через минуту он уйдет, не обернувшись. Когда братья были детьми, случилось ужасное. Илью выкрала и несколько дней удерживала в квартире полоумная соседка, бабка по кличке Эпоха. Потом Илюшу вернули домой и жизнь пошла своим чередом. А много лет спустя проявит себя непостижимая связь с безумной старухой из детства. И за тайну, которую не смогли похоронить ни время, ни огонь, придется расплатиться чьей-то жизнью.
Lingua:russo
Pubblicazione: Москва, Эксмо, 2026
Soggetti:
Natura: Libro
KOHA link:https://koha.lib.tpu.ru/cgi-bin/koha/opac-detail.pl?biblionumber=685293

MARC

LEADER 00000nam0a2200000 4500
001 685293
005 20260407141922.0
010 |a 978-5-04-234361-2 
090 |a 685293 
100 |a 20260304d2026 m||y0rusy50 ca 
101 0 |a rus 
102 |a RU 
105 |a y z 000ay 
181 0 |a i   |b  e  
182 0 |a n 
183 0 |a nc  |2 RDAcarrier 
200 1 |a Любимчик Эпохи  |e [18+]  |e [НЕЗАКОННОЕ ПОТРЕБЛЕНИЕ НАРКОТИЧЕСКИХ СРЕДСТВ, ПСИХОТРОПНЫХ ВЕЩЕСТВ, ИХ АНАЛОГОВ ПРИЧИНЯЕТ ВРЕД ЗДОРОВЬЮ, ИХ НЕЗАКОННЫЙ ОБОРОТ ЗАПРЕЩЁН И ВЛЕЧЕТ УСТАНОВЛЕННУЮ ЗАКОНОДАТЕЛЬСТВОМ ОТВЕТСТВЕННОСТЬ]  |e роман  |f Катя Качур 
203 |a Текст  |b визуальный  |c непосредственный 
210 |a Москва  |c Эксмо  |d 2026 
215 |a 318 с. 
283 |a volume  |2 RDAcarrier 
330 |a Родиона любили за ум, красоту и способности. Его брата Илюшу — просто так. От Родиона ждали поступков и ответственности. Илью хотели спасти, накормить, приласкать — пусть даже через минуту он уйдет, не обернувшись. Когда братья были детьми, случилось ужасное. Илью выкрала и несколько дней удерживала в квартире полоумная соседка, бабка по кличке Эпоха. Потом Илюшу вернули домой и жизнь пошла своим чередом. А много лет спустя проявит себя непостижимая связь с безумной старухой из детства. И за тайну, которую не смогли похоронить ни время, ни огонь, придется расплатиться чьей-то жизнью.  
606 |a Русская литература современная  |9 50316 
610 1 |a художественная литература 
610 1 |a романы 
610 1 |a проза 
675 |a Р2  |v 4 
700 1 |a Качур  |b К.  |g Катя 
801 0 |a RU  |b 63413507  |c 20260303 
830 |a *изданиеподлежащеемаркировке 
942 |c BK